000 00516nam a2200193 a 4500
001 1771063879774
003 YourLibrary
005 20260214154422.0
008 260214s1998##################000#0#eng##
020 _a9780415177078
082 0 4 _a307.720941
_bWIL
100 1 _aWilliams, W. M.,
_eauthor.
245 1 0 _aThe Sociology of an English Village :
260 _bPsychology Press,
_c1998.
300 _a246 pages
650 0 _aSocial Science.
942 _cENGLISH
040 _aYourLibrary
_beng
_cYourLibrary
999 _c612473
_d612473